[Event "Feffernitz op 25th"]
[Site "Feffernitz"]
[Date "2016.08.21"]
[Round "2"]
[White "Raschun, Gerhard"]
[Black "Kesik, Klaus Dieter"]
[Result "0-1"]
[WhiteElo "1935"]
[BlackElo "2220"]
[PlyCount "84"]
[EventDate "2016.08.21"]
[EventType "swiss"]
[EventRounds "9"]
[EventCountry "AUT"]
[SourceTitle "CBM 174 Extra"]
[Source "ChessBase"]
[SourceDate "2016.10.10"]
[SourceVersion "1"]
[SourceVersionDate "2016.10.10"]
[SourceQuality "1"]

1. e4 Nf6 2. e5 Nd5 3. d4 d6 4. c4 Nb6 5. exd6 cxd6 6. Nc3 g6 7. Be3 Bg7 8. Qd2 0-0 9. Bd3 Nc6 10. Be2 d5 11. cxd5 Nxd5 12. Nxd5 Qxd5 13. Nf3 Rd8 14. 0-0 Bf5 15. Rfd1 Rac8 16. b3 Qd6 17. Rac1 Nb4 18. Rc4 Nd5 19. Bg5 Nb6 20. Rxc8 Bxc8 21. Bf4 Qd5 22. Bc7 Rf8 23. Qb4 Qe6 24. Bc4 Nxc4 25. bxc4 Qd7 26. Bg3 Bf6 27. Be5 Bxe5 28. Nxe5 Qd6 29. Qxd6 exd6 30. Nd3 Be6 31. c5 Rd8 32. a3 Bf5 33. cxd6 Rxd6 34. Nb4 a5 35. Na2 Rc6 36. d5 Rc2 37. Nc1 a4 38. d6 Kf8 39. f3 Ke8 40. Nd3 Bxd3 41. Rxd3 Kd7 42. h4 Rb2 0-1

[Event "Oberliga Ost-A 1516"]
[Site "Germany"]
[Date "2016.04.10"]
[Round "11.5"]
[White "Niering, Martin"]
[Black "Kesik, Klaus Dieter"]
[Result "1/2-1/2"]
[WhiteElo "2178"]
[BlackElo "2181"]
[PlyCount "25"]
[EventDate "2015.09.20"]
[EventType "team-tourn"]
[EventRounds "11"]
[EventCountry "GER"]
[SourceTitle "EXT 2017"]
[Source "ChessBase"]
[SourceDate "2016.10.25"]
[SourceVersion "1"]
[SourceVersionDate "2016.10.25"]
[SourceQuality "1"]
[WhiteTeam "Magdeburg Rochade"]
[BlackTeam "Hoyerswerda"]
[WhiteTeamCountry "GER"]
[BlackTeamCountry "GER"]

1. e4 g6 2. d4 Bg7 3. Nf3 d6 4. Nc3 Nf6 5. Be2 0-0 6. 0-0 c6 7. a4 Nbd7 8. e5 dxe5 9. dxe5 Nd5 10. Nxd5 cxd5 11. Qxd5 Nxe5 12. Qxd8 Rxd8 13. Nxe5 1/2-1/2